Cartel de otoño (Record no. 138791)

MARC details
000 -LEADER
campo de control de longitud fija 00496nam a2200157 4500
001 - NÚMERO DE CONTROL
campo de control 138791
003 - IDENTIFICADOR DE NÚMERO DE CONTROL
campo de control ES-MaACL
005 - FECHA Y HORA DE LA ÚLTIMA TRANSACCIÓN
campo de control 20230906195634.0
007 - CAMPO FIJO DE DESCRIPCIÓN FÍSICA--INFORMACIÓN GENERAL
campo de control de longitud fija t|
008 - DATOS DE LONGITUD FIJA--INFORMACIÓN GENERAL
campo de control de longitud fija 070214s1958 sp r ||||1| spa d
100 1# - ENTRADA PRINCIPAL--NOMBRE DE PERSONA
Nombre de persona Sanz y Ruiz de la Peña, Nicomedes.
9 (RLIN) 103697
245 10 - MENCIÓN DEL TÍTULO
Título Cartel de otoño
Resto del título : poemas : 1941-1957 /
Mención de responsabilidad, etc. Nicomedes Sanz y Ruiz de la Peña.
260 ## - PUBLICACIÓN, DISTRIBUCIÓN, ETC.
Lugar de publicación, distribución, etc. Valladolid :
Nombre del editor, distribuidor, etc. [s.n.],
Fecha de publicación, distribución, etc. 1958 (
Fabricante Talls.Gráf. Ceres)
300 ## - DESCRIPCIÓN FÍSICA
Extensión 181 p. ;
Dimensiones 17 cm.
852 ## - LOCALIZACIÓN
Ubicación ES-MaACL
Número de control de estantería C-15978
Sublocalización o colección R.42657
Holdings
Estatus retirado Estado de pérdida Estado de daño No para préstamo Biblioteca de origen Biblioteca actual Ubicación en estantería Fecha de adquisición Fuente de adquisición Total de préstamos Signatura topográfica completa Código de barras Visto por última vez Precio de reemplazo Tipo de ítem Koha
        Biblioteca del Ateneo de Madrid Biblioteca del Ateneo de Madrid Ficheros 17/01/2008     C-15978 1144424 23/02/2023 23/02/2023 Libro impreso